Cargando...
Kavyadhara
| Autor Principal: | |
|---|---|
| Formato: | Printed Book |
| Publicado: |
Allahabad, Lokbharati Prakashan
1987
|
| Subjects: |
| LEADER | 004620000a22001570004500 | ||
|---|---|---|---|
| 040 | |a HINDI | ||
| 082 | |a 891.431 008 M71 | ||
| 100 | |a Doothnath Singh; Ed | ||
| 245 | |a Kavyadhara | ||
| 260 | |a Allahabad, Lokbharati Prakashan | ||
| 260 | |c 1987 | ||
| 650 | |a Collection | ||
| 650 | |a Hindi | ||
| 650 | |a Poetry | ||
| 999 | |c 16079 |d 16079 | ||
| 952 | |0 0 |1 0 |4 0 |6 891_431000000000000_008_M71 |7 0 |8 HINDI |9 15883 |a MGUL |b MGUL |d 2013-07-16 |l 0 |o 891.431 008 M71 |p 20356 |r 2013-07-16 |w 2013-07-16 |y BK | ||